Buts de Zlatan Ibrahimovic - Statistiques

Statistiques générales
  • Ce quiz a été pris 87 fois
  • Le résultat moyen est 24 sur 62
Statistiques - réponses
Nombre de buts Club % Correct
11 OM
95%
10 Inter Milan
91%
9 OL
91%
3 LOSC
84%
17 ASSE
78%
5 Bordeaux
78%
9 Nantes
76%
11 Nice
76%
4 Rennes
75%
13 AS Roma
74%
10 Bastia
68%
9 Lazio Rome
65%
4 Naples
65%
8 Lorient
64%
9 Toulouse
64%
6 Brest
59%
4 PSV
58%
4 Torino
58%
7 Troyes
58%
5 Reims
56%
3 Auxerre
54%
11 Fiorentina
51%
8 Sampdoria
50%
4 Atalanta
48%
4 Caen
48%
3 Feyenoord
48%
3 Nancy
45%
3 Barcelone
44%
7 Bologne
43%
5 Udinese
41%
10 Parme
39%
9 Los Angeles Galaxy
36%
12 Palerme
36%
6 Genoa
35%
3 Arsenal
33%
4 Valenciennes
33%
7 Lecce
31%
8 Cagliari
30%
4 Empoli
26%
5 Anderlecht
24%
5 Chievo Verone
19%
4 Seattle Sounders
18%
3 Toronto
14%
4 West Ham
13%
4 Dallas
11%
3 Excelsior Rotterdam
11%
3 Orlando City
10%
6 ACN Siena
8%
3 Philadelphie
8%
4 FC Groningen
6%
6 Guimgamp
6%
4 Reggina 1914
5%
4 Willem II Tilburg
5%
5 NAC Breda
4%
3 Roda JC Kerkrade
4%
4 Vancouver
4%
4 Catania FC
3%
4 Real Salt Leak City
3%
5 Kansas City
1%
3 Real Zaragoza
1%
6 US Livorno
1%
4 Southamptom
0%
Aucun quiz correspondant
Distribution des résultats
% des personnes avec chaque résultat
Percentile par nombre de réponses
Votre historique - résultats
Vous n’avez pas pris ce quiz